LEADER 01189cam2 2200313 450 001 E600200010180 005 20181009142415.0 010 $a8831194119 100 $a20050517d2000 |||||ita|0103 ba 101 $aita 102 $aIT 200 1 $a<<4: >>Dialoghi, 1.-4.$f[san Gregorio Magno]$gintroduzione di Benedetto Calati$gtraduzione delle suore benedettine Isola San Giorgio$gnote e indici a cura di Attilio Stendardi 210 $aRoma$cCittà Nuova$d2000 215 $a495 p., [2] carte di tav.$cill$d24 cm 300 $aTesto latino a fronte 461 1$1001E600200063235$12000 $aOpere di Gregorio Magno 510 1 $aDialogi, 1.-4.$9SOBE00060655 700 0$aGregorius $3AF00007105$4070$0330455 702 1$aCalati, Benedetto$3SOBA00015125$4070 702 1$aStendardi, Attilio$3SOBA00013061$4070 801 0$aIT$bUNISOB$c20181009$gRICA 850 $aUNISOB 852 $aUNISOB$j200$m125655 912 $aE600200010180 940 $aM 102 Monografia moderna SBN 941 $aM 957 $a200$b002327$i-4$gSi$d125655$racquisto$1catenacci$2UNISOB$3UNISOB$420050517114735.0$520161219115230.0$6menle 996 $aDialoghi, 1.-4$91671279 997 $aUNISOB